| 000 | 01569nam a22003734a 4500 | ||
|---|---|---|---|
| 001 | vtls003193599 | ||
| 003 | MY-SjTCS | ||
| 005 | 20200306171224.0 | ||
| 006 | m u | ||
| 007 | cr cn||||||||| | ||
| 008 | 100712s2002 ne a sb 001 0 eng | ||
| 010 | _z 2001-097982 | ||
| 020 | _z1586032089 | ||
| 035 | _a(CaPaEBR)ebr10116476 | ||
| 039 | 9 |
_y201007121642 _zVLOAD |
|
| 040 |
_aCaPaEBR _cCaPaEBR |
||
| 050 | 1 | 4 |
_aRC965.M39 _bM87 2002eb |
| 082 | 0 | 4 |
_a610/.28/9 _221 |
| 245 | 0 | 0 |
_aMusculoskeletal disorders in health-related occupations _h[electronic resource] / _cedited by Thomas Reilly. |
| 260 |
_aAmsterdam ; _aWashington, D.C. : _bIOS Press, _c2002. |
||
| 300 |
_axiv, 191 p. : _bill. ; _c25 cm. |
||
| 490 | 1 |
_aBiomedical and health research ; _v49 |
|
| 504 | _aIncludes bibliographical references and index. | ||
| 529 | _aTSLHHL | ||
| 533 |
_aElectronic reproduction. _bPalo Alto, Calif. : _cebrary, _d2009. _nAvailable via World Wide Web. _nAccess may be limited to ebrary affiliated libraries. |
||
| 650 | 0 |
_aMedical personnel _xDiseases. _9299651 |
|
| 650 | 0 |
_aMedical personnel _xHealth and hygiene. _9299652 |
|
| 650 | 0 |
_aMusculoskeletal system _xDiseases. _926647 |
|
| 655 | 7 |
_aElectronic books. _2local _9201578 |
|
| 700 | 1 |
_aReilly, Thomas, _d1955- _9299653 |
|
| 710 | 2 |
_aebrary, Inc. _925628 |
|
| 830 | 0 |
_aBiomedical and health research ; _vv. 49. _9299654 |
|
| 856 | 4 | 0 |
_uhttps://ezproxy.taylors.edu.my/login?url=http://site.ebrary.com/lib/taylorscollege/Doc?id=10116476 _zAn electronic book accessible through the World Wide Web; click to view |
| 999 | _c67800 | ||